Missing Word: 'ing' Things Quiz Stats

Quiz Updated Nov 16, 2015

Challenge
Share
Tweet
Embed
Score 0/20 Timer 03:00
0 Plays Today
Hint Answer % Correct
Book - Through the _______ GlassLooking
95%
TV - _______ With the StarsDancing
94.8%
TV - ________ BadBreaking
90.9%
Film - _________ Tiger, Hidden DragonCrouching
87%
Song - I Saw Her ________ ThereStanding
85.6%
Song - Bad Moon ______Rising
85.5%
Song - _______ Down the HouseBurning
83.4%
TV - _______ Up AppearancesKeeping
81.8%
Book - Fear and ________ in Las VegasLoathing
81%
TV - In ______ ColorLiving
79.6%
Hint Answer % Correct
Book - The Hunger Games: ________ FireCatching
79.2%
Film - _______ ArizonaRaising
73.8%
TV - _______ DaisiesPushing
73%
Song - You Make ______ FunLoving
59.4%
Book - Their Eyes Were ________ GodWatching
58.7%
Song - _______ Up That HillRunning
58%
Film - _____ ThereBeing
57.1%
Film - _______ DownFalling
41.9%
Film - The _______ DetectiveSinging
22.6%
Book - The ______ of Lot 49Crying
15.1%

Today's Daily Dose

Missing Word
For Dummies Books

Word Ladder
Ariana Grande

Quick Pick
1970s Authors

On This Day
June 21st II

You're not logged in!

Compare scores with friends on all Sporcle quizzes.
Join for Free
OR
Log In

You Might Also Like...

Show Comments

Extras

Top Quizzes Today


Score Distribution

Your Account Isn't Verified!

In order to create a playlist on Sporcle, you need to verify the email address you used during registration. Go to your Sporcle Settings to finish the process.

Report this User

Report this user for behavior that violates our Community Guidelines.

Details: